<?xml version="1.0" encoding="UTF-8"?><?xml-stylesheet type="text/xsl" href="static/style.xsl"?><OAI-PMH xmlns="http://www.openarchives.org/OAI/2.0/" xmlns:xsi="http://www.w3.org/2001/XMLSchema-instance" xsi:schemaLocation="http://www.openarchives.org/OAI/2.0/ http://www.openarchives.org/OAI/2.0/OAI-PMH.xsd"><responseDate>2026-05-14T12:59:28Z</responseDate><request verb="GetRecord" identifier="oai:riubu.ubu.es:10259/6585" metadataPrefix="marc">https://riubu.ubu.es/oai/request</request><GetRecord><record><header><identifier>oai:riubu.ubu.es:10259/6585</identifier><datestamp>2024-05-14T07:52:19Z</datestamp><setSpec>com_10259.4_103</setSpec><setSpec>com_10259.4_1</setSpec><setSpec>com_10259_2604</setSpec><setSpec>col_10259_6583</setSpec></header><metadata><record xmlns="http://www.loc.gov/MARC21/slim" xmlns:doc="http://www.lyncode.com/xoai" xmlns:xsi="http://www.w3.org/2001/XMLSchema-instance" xmlns:dcterms="http://purl.org/dc/terms/" xsi:schemaLocation="http://www.loc.gov/MARC21/slim http://www.loc.gov/standards/marcxml/schema/MARC21slim.xsd">
<leader>00925njm 22002777a 4500</leader>
<datafield tag="042" ind1=" " ind2=" ">
<subfield code="a">dc</subfield>
</datafield>
<datafield tag="720" ind1=" " ind2=" ">
<subfield code="a">Almagro Gorbea, Martín</subfield>
<subfield code="e">author</subfield>
</datafield>
<datafield tag="720" ind1=" " ind2=" ">
<subfield code="a">Ruiz Vélez, Ignacio</subfield>
<subfield code="e">author</subfield>
</datafield>
<datafield tag="720" ind1=" " ind2=" ">
<subfield code="a">Palacios Palacios, María Victoria</subfield>
<subfield code="e">author</subfield>
</datafield>
<datafield tag="260" ind1=" " ind2=" ">
<subfield code="c">2020</subfield>
</datafield>
<datafield tag="520" ind1=" " ind2=" ">
<subfield code="a">Las investigaciones actuales han descubierto diversas&#xd;
peñas sagradas prerromanas en Burgos. A ellas se unen leyendas y&#xd;
tradiciones populares que pueden relacionarse con ritos ancestrales&#xd;
vinculados a árboles, cuevas, romerías y poemas épicos de la literatura&#xd;
castellana.</subfield>
</datafield>
<datafield tag="520" ind1=" " ind2=" ">
<subfield code="a">Current research has discovered several pre-Roman&#xd;
sacred rocks in Burgos. They are joined by legends and popular traditions&#xd;
that can be related to ancestral rites linked to trees, caves,&#xd;
pilgrimages and epic poems in Castillan literature.</subfield>
</datafield>
<datafield tag="024" ind2=" " ind1="8">
<subfield code="a">0211-8998</subfield>
</datafield>
<datafield tag="024" ind2=" " ind1="8">
<subfield code="a">http://hdl.handle.net/10259/6585</subfield>
</datafield>
<datafield ind1=" " ind2=" " tag="653">
<subfield code="a">Rocas sagradas</subfield>
</datafield>
<datafield ind1=" " ind2=" " tag="653">
<subfield code="a">Leyendas</subfield>
</datafield>
<datafield ind1=" " ind2=" " tag="653">
<subfield code="a">Ritos antiguos</subfield>
</datafield>
<datafield ind1=" " ind2=" " tag="653">
<subfield code="a">Sacred rocks</subfield>
</datafield>
<datafield ind1=" " ind2=" " tag="653">
<subfield code="a">Legends</subfield>
</datafield>
<datafield ind1=" " ind2=" " tag="653">
<subfield code="a">Ancient rites</subfield>
</datafield>
<datafield tag="245" ind1="0" ind2="0">
<subfield code="a">Las "peñas sacras" de la provincia de Burgos y las tradiciones celtas de tierras burgalesas</subfield>
</datafield>
</record></metadata></record></GetRecord></OAI-PMH>